000 00310nam a2200121 a 4500
008 110426s1988|||| d
100 1 _aLenárt, Jozef
245 1 0 _aPolitika kultúry,kultúra politiky
260 _c1988
_aBratislava
_bSlovenský spisovateľ
020 _c29
044 _axo
_cSK
041 _aslo
999 _c19155
_d19155